Genshin Impact Character Titles - Statistics

General Stats
  • This quiz has been taken 750 times
    316 since last reset
  • The average score is 33 of 98
Answer Stats
Hint Answer % Correct
Windborne Bard Venti
62%
Splish-Splash Wavechaser Mualani
61%
Childe Tartaglia
61%
Shadow of Night-Wind Ororon
60%
Wolf Boy Razor
60%
Dandelion Knight Jean
59%
Ordainer of Inexorable Judgement Neuvillette
58%
Gliding Champion Amber
56%
Prinzessin der Verurteilung! Fischl
56%
Witch of the Purple Rose Lisa
56%
Turnfire Hunt Kinich
54%
Plane of Euthymia Raiden Shogun
54%
Vigilant Yaksha Xiao
54%
Dance of Lotuslight Nilou
53%
Shining Idol Barbara
52%
Katzlein Cocktail Diona
51%
Mujina Ninja Sayu
51%
Dark Side of Dawn Diluc
50%
Endless Solo of Solitude Furina
50%
Cat Upon the Eaves Kirara
50%
Night-Igniting Flame Mavuika
50%
Thundering Seamstress Chiori
49%
Canine Warrior Gorou
48%
Frostwind Swordsman Kaeya
47%
A Thousand Scents Traced Emilie
46%
Crowfeather Kaburaya Kujou Sara
46%
Exquisite Delicacy Xiangling
46%
Ardent Flames Forge the Soul Xilonen
46%
Kreideprinze Albedo
43%
Mottled Gold Yet Unsmelted Kachina
43%
Pearl of Wisdom Kokomi
43%
Obsidian Opalstar Citlali
42%
Dire Balemoon Arlecchino
41%
Helm of the Radiant Rose Navia
41%
Skyborne Arbiter Chasca
40%
Flame-Mane Dehya
40%
Scarlet Leaves Pursue Wild Waves Kazuha
40%
Vago Mundo Zhongli
38%
Saviour From Another World Aloy
37%
Judicator of Secrets Cyno
37%
Hanamizaka Heroics Itto
36%
Frostflake Heron Kamisato Ayaka
36%
Astral Reflection Mona
36%
Candlebearer, Shadowhunter Clorinde
34%
Uncrowned Lord of the Ocean Beidou
33%
Spectacle of Phantasmagoria Lyney
33%
Physic of Purity Nahida
31%
Harmless Sweetie Sucrose
30%
Verdant Strider Tighnari
30%
Emissary of Solitary Iniquity Wriothesley
30%
Lens of Verity Charlotte
29%
Thorny Benevolence Rosaria
29%
Sprout of Rebirth Collei
28%
Leonine Vanguard Gaming
28%
Icy Ressurection Qiqi
28%
Yearning for Unseen Depths Freminet
27%
Elegance in the Shadows Lynette
27%
Wondrous Dragonheir Sigewinne
27%
Protector From Afar Thoma
27%
Eons Adrift Wanderer
27%
Juvenile Galant Xingqiu
27%
Beyond Mortality Baizhu
25%
Executor of Justice Chevreuse
25%
Dance of Shimmering Waves Eula
25%
Frolicking Flames Yoimiya
25%
Golden Vow Candace
24%
Fleeing Sunlight Klee
24%
Spring Woven from Jade Lan Yan
24%
Fantastical Evening Star Layla
24%
Chivalric Blossom Noelle
24%
Valley Orchid Yelan
23%
Stage Lucinda Yun Jin
23%
Admonishing Instruction Alhaitham
22%
Empyrean Reflection Kaveh
22%
Lonesome Transcendence Shenhe
21%
Passerine Herald Xianyun
21%
Enigmatic Machinist Faruzan
20%
Fragrance in Thaw Hu Tao
20%
Embrace of Enchanting Dreams Yumemizuki Mizuki
20%
Plenilune Gaze Ganyu
19%
Pillar of Fortitude Kamisato Ayato
19%
Trial by Fire Bennett
18%
Treasure of Dream Garden Dori
18%
Driving Thunder Keqing
18%
Eclipsing Star Ningguang
18%
Wisdom's Measure Sethos
18%
Wise Innocence Yanfei
18%
Astute Amusement Yae Miko
17%
In the Wake of Wandering Winds Ifa
15%
Coordinates of Clear Frost Mika
15%
Blazing Rift Xinyan
15%
Tasteful Excellence Esscofier
13%
Analytical Harmony Heizou
12%
Burgeoning Grace Yao Yao
12%
Mender of Tribulations Kuki
11%
Frozen Ardor Chongyun
10%
Strength in Serenity Iansan
10%
Tempered in Molten Stone Varesa
9%
No matching quizzes found
Score Distribution
Percent of People with Each Score
Percentile by Number Answered
Your Score History
You have not taken this quiz since the last reset